Star Academy - Candidats de la saison 12 (2024-25) - Statistiques

Statistiques générales
  • Ce quiz a été pris 3 160 fois
  • Le résultat moyen est 13 sur 15
Statistiques - réponses
Académiciens % Correct
Marine
98%
Ebony
97%
Charles
95%
Franck
93%
Ulysse
93%
Emma
92%
Marguerite
89%
Noah
89%
Maïa
88%
Maureen
87%
Paul
87%
Thomas
87%
Julie
86%
Masséo
86%
Maylis
75%
Aucun quiz correspondant
Distribution des résultats
% des personnes avec chaque résultat
Percentile par nombre de réponses
Votre historique - résultats
Vous n’avez pas pris ce quiz